Ricostruisci la Carriera del Calciatore - Giuseppe Pezzella - Statistics

Statistiche generali
  • Questo quiz è stato fatto 7 volte
  • Il punteggio medio è 2 su 8
Statistiche sulle risposte
Hint Risposta % Corretto
2021-2022 Atalanta
60%
2015-2017 Palermo
60%
2023- Empoli
40%
2019 Udinese
40%
2022-2023 Lecce
20%
2017-2019 Udinese
20%
2019 Genoa
0%
2019-2021 Parma
0%
Nessun quiz corrispondente trovato
Distribuzione punteggi
Percentuale di utenti per punteggio
Percentile per numero di risposta
I tuoi punteggi nel tempo
Non hai fatto questo quiz